Statistiques concernant Présidents de l'Iran

Cliquez ici pour prendre le quiz!

Statistiques générales

  • Ce quiz a été pris 13 fois
  • Le résultat moyen est 4 sur 8

Statistiques - réponses

date de début de mandatdate de fin de mandatprésident% Correct
20132021Hassan Rohani
80%
20052013Mahmoud Ahmadinejad
80%
19811989Ali Khamenei
60%
2021-Ebrahim Raïssi
60%
19972005Mohammad Khatami
50%
18891997Hachemi Rafsandjani
40%
19801981Abolhassan Bani Sadr
30%
19811981Mohammad Ali Rajai
20%

Distribution des résultats

Percentile par nombre de réponses

% des personnes avec chaque résultat

Votre développement - résultats

Vous n’avez pas pris ce quiz